Title in the Lyrics - Les Miserables Songs - Statistics

General Stats
  • This quiz has been taken 1,294 times
  • The average score is 11 of 15
Answer Stats
Hint Answer % Correct
_ _______ _ _____ in time gone by / When hope was high and life worth living I Dreamed A Dream
96%
__ ___ ____ ___ ______ ____? / Singing the song of angry men Do You Hear the People Sing
91%
__ __ ___, pretending he's beside me / All alone, I walk with him till morning On My Own
91%
______ __ ___ _____, doling out the charm / Ready with a handshake and an open palm Master of the House
86%
_____ ______ __ _____ ______ / Where my friends will sing no more Empty Chairs at Empty Tables
85%
______ ______, waiting for a bite / Waiting for the customers who only come at night Lovely Ladies
85%
___ ___ ____ to revolution / We will nip it in the bud One Day More
83%
I will never rest / Till then, this I swear / This I swear by the _____! Stars
82%
I don't feel any pain / _ ______ ____ __ ____ can hardly hurt me now A Little Fall of Rain
72%
____ ____ and show some mercy if you can / ____ ____, ____ ____ upon your fellow man Look Down
68%
______ ______ know / When ______ ______ fight / We may look easy pickings / But we've got some bite Little People
64%
_____ ____ __ / To days gone by / To the life that used to be Drink With Me
60%
__ __ ____ / She has burst like the music of angels / The light of the sun In My Life
57%
_ _____ ____ __ ____ / No fear, no regret A Heart Full of Love
54%
________ the world seems a different place / Somehow full of grace, full of light Suddenly
43%
No matching quizzes found
Score Distribution
Percent of People with Each Score
Percentile by Number Answered
Your Score History
You have not taken this quiz